Quản lý và kinh doanh tiền tệ Tập bài giảng dùng cho sinh viên hệ cao đẳng chuyên ngành kế toán lao động xã hội
vv
Đã lưu trong:
| Tác giả chính: | |
|---|---|
| Định dạng: | Sách |
| Năm xuất bản: |
H.
Lao động xã hội
2000
|
| Chủ đề: | |
| Tags: |
Thêm thẻ
Không có thẻ, Hãy là người đầu tiên gắn thẻ bản ghi này!
|
| LEADER | 01338nam a2200229 4500 | ||
|---|---|---|---|
| 082 | |a 332.4068 |b Qu105l | ||
| 100 | |a Vũ Văn Hải | ||
| 245 | |a Quản lý và kinh doanh tiền tệ |b Tập bài giảng dùng cho sinh viên hệ cao đẳng chuyên ngành kế toán lao động xã hội |c Vũ Văn Hải chủ biên | ||
| 260 | |a H. |b Lao động xã hội |c 2000 | ||
| 300 | |a 126 tr. |c 21 cm | ||
| 520 | |a vv | ||
| 653 | |a Kinh tế | ||
| 653 | |a tiền tệ | ||
| 653 | |a quản lý | ||
| 653 | |a kinh doanh | ||
| 653 | |a tập bài giảng | ||
| 942 | |2 ddc |c STK0 | ||
| 999 | |c 649 |d 649 | ||
| 952 | |0 0 |1 0 |2 ddc |4 0 |6 332_406800000000000_QU105L |7 1 |8 300 |9 14019 |a qbu |b qbu |c D2 |d 2014-11-21 |g 25000 |o 332.4068 Qu105l |p 2120.C1 |r 0000-00-00 |w 2014-11-21 |y STK0 |0 0 |6 332_406800000000000_QU105L | ||
| 952 | |0 0 |1 0 |2 ddc |4 0 |6 332_406800000000000_QU105L |7 0 |8 300 |9 14020 |a qbu |b qbu |c D2 |d 2014-11-21 |g 25000 |o 332.4068 Qu105l |p 2120.C2 |r 0000-00-00 |w 2014-11-21 |y STK0 |0 0 |6 332_406800000000000_QU105L | ||
| 952 | |0 0 |1 0 |2 ddc |4 0 |6 332_406800000000000_QU105L |7 0 |8 300 |9 14021 |a qbu |b qbu |c D2 |d 2014-11-21 |g 25000 |o 332.4068 Qu105l |p 2120.C3 |r 0000-00-00 |w 2014-11-21 |y STK0 |0 0 |6 332_406800000000000_QU105L | ||
| 952 | |0 0 |1 0 |2 ddc |4 0 |6 332_406800000000000_QU105L |7 0 |8 300 |9 14022 |a qbu |b qbu |c D2 |d 2014-11-21 |g 25000 |o 332.4068 Qu105l |p 2120.C4 |r 0000-00-00 |w 2014-11-21 |y STK0 |0 0 |6 332_406800000000000_QU105L | ||